000 00576nam a2200193Ia 4500
005 20260120131957.0
008 008 260114s9999 xx 000 0 eng d
020 _a9780197741221
037 _aEBOOK
040 _aCRL
_beng
_cCRL
041 _aeng
_2eng
084 _qCRL
100 _aSchniedewind
_9933467
245 0 _aSociety and the Promise to David The Reception History of 2 Samuel 7:1-17
260 _bOxford University PressOxford University Press
_c2023
856 _uhttps://academic.oup.com/book/49657
942 _cEBOOK
999 _c1525390
_d1525390